000 00471nam a2200205Ia 4500
008 240509s9999 xx 000 0 und d
020 _a0001870941829
041 _aEng
082 _a005.113
082 _bH54
100 _aHOLMES B.J.
245 0 _aSTRUCTURED PROGRAMMING IN COBOL
250 _a2nd ed.
260 _bLONDON : DP PUBLISHERS
260 _c1991
300 _a876 p.
650 _aCOBOL : PROGRAMMING LANGUAGES
942 _2ddc
942 _cLBK
999 _c22359
_d22359
945 _a1
_bMadushi Gamage
_c1
_dMadushi Gamage